000 00744nam a2200241Ia 4500
005 20260430150427.0
008 008 250103s9999 xx 000 0 eng d
037 _aTheses
040 _aCRL
040 _beng
040 _ceng
041 _2eng
041 _aeng
084 _qCRL
100 _aYadav Sanjeev Kumar Au.; Nag Alo Gu.; Kundu Suman Gu.
_91237470
245 0 _aInvestigation of Regulation of Ligamd Binding and stability Determinants in Novel Hemoglobins with Applications in Blood Substitutes
260 _c2023
300 _a161p.
650 _aBiochemistry
700 _aUniversity of Delhi. Faculty of Inter- Disciplinary & Applied Science. Deptt. of Biochemistry
942 _cTH
999 _c1849753
_d1849753